2nd place Geography - Statistics

General Stats
  • This quiz has been taken 27 times
  • The average score is 12 of 20
Answer Stats
Clue 1st 2nd % Correct
1) Biggest city in the US New York Los Angeles
100%
5) Tallest mountain Everest K2
92%
9) Largest city in S. America Sao Paulo Buenos Aires
88%
7) Largest Mediterranean island Sicily Sardinia
88%
11) Northernmost country in Africa Tunisia Algeria
85%
2) Largest US lake Superior Huron
81%
13) Biggest European country Russia Ukraine
81%
18) Countries last alphabetically Zambia Zimbabwe
77%
17) Longest river in Europe Volga Danube
69%
20) Biggest city in Australia Sydney Melbourne
69%
3) Longest coastline Canada Indonesia
62%
6) Largest desert (non polar) Sahara Arabian
50%
4) Largest island Greenland New Guinea
50%
19) Largest city in Africa Lagos Kinshasa
42%
10) Largest world city Tokyo Delhi
38%
12) Longest US route Route 20 Route 6
38%
15) Coldest capital city Ulaanbaatar Astana
35%
16) Southernmost capital city Wellington Montevideo
15%
8) Largest US national park Wrangell-St Elias Gates of the Arctic
12%
14) Largest castle in Europe Malbork Caerphilly
4%
No matching quizzes found
Score Distribution
Percent of People with Each Score
Percentile by Number Answered
Your Score History
You have not taken this quiz